| 000 | 00405nam a22001337a 4500 | ||
|---|---|---|---|
| 008 | 161013b xxu||||| |||| 00| 0 eng d | ||
| 050 | _aDS806.V3 | ||
| 100 |
_aVahlefeld, Hans Wilhelm _926678 |
||
| 245 |
_a100 Millionen Aubenseiter _bDie neue Weltmacht Japan _cHans Wilhelm Vahlefeld |
||
| 260 |
_aWien _bEcon Verlag _c1969 |
||
| 300 |
_a334p. _c22cm. |
||
| 650 |
_aJapan _926679 |
||
| 942 |
_2lcc _cMONOGRAPH |
||
| 999 |
_c125492 _d125492 |
||